Lleva un libro en la maleta / (Registro nro. 14461)

Detalles MARC
000 -LEADER
fixed length control field 01096nam a2200325 i 4500
003 - CONTROL NUMBER IDENTIFIER
control field DO-SdBNP
005 - DATE AND TIME OF LATEST TRANSACTION
control field 20230814125756.0
008 - FIXED-LENGTH DATA ELEMENTS--GENERAL INFORMATION
fixed length control field 100322s2017 dr a a 000 0 spspa d
020 ## - INTERNATIONAL STANDARD BOOK NUMBER
International Standard Book Number 9789945196061
040 ## - CATALOGING SOURCE
Original cataloging agency DO-SdBNP
Language of cataloging spa
Transcribing agency BPMSU
Description conventions rda
082 #4 - DEWEY DECIMAL CLASSIFICATION NUMBER
Classification number RD863.5
Item number R282ll 2019
Edition number 22
100 1# - MAIN ENTRY--PERSONAL NAME
Personal name Read Escobal, Virginia,
Dates associated with a name 1963-
100 z# - MAIN ENTRY--PERSONAL NAME
Personal name Escobal, Virginia Read,
Dates associated with a name 1963-
245 10 - TITLE STATEMENT
Title Lleva un libro en la maleta /
Statement of responsibility, etc. Virginia Read Escobal ; ilustraciones, Lucia Sforza
264 ## - PRODUCTION, PUBLICATION, DISTRIBUTION, MANUFACTURE, AND COPYRIGHT NOTICE
Place of production, publication, distribution, manufacture Santo Domingo :
Name of producer, publisher, distributor, manufacturer Santillana,
Date of production, publication, distribution, manufacture, or copyright notice 2017
300 ## - PHYSICAL DESCRIPTION
Extent 39 páginas:
Other physical details ilustraciones ;
Dimensions 23 cm.
336 ## - CONTENT TYPE
Source rdacontent
Content type term texto
Content type code txt
337 ## - MEDIA TYPE
Source rdamedia
Media type term sin mediación
Media type code n
338 ## - CARRIER TYPE
Source rdacarrier
Carrier type term volumen
Carrier type code nc
490 0# - SERIES STATEMENT
Series statement Loqueleo
-- Infantil
500 ## - GENERAL NOTE
General note Incluye datos biográficos del autora en la contracubierta
500 ## - GENERAL NOTE
General note
521 ## - TARGET AUDIENCE NOTE
Target audience note
590 ## - LOCAL NOTE (RLIN)
Local note Inventariado, 2023/VM
650 #4 - SUBJECT ADDED ENTRY--TOPICAL TERM
Topical term or geographic name as entry element Cuentos infantiles dominicanos
650 #4 - SUBJECT ADDED ENTRY--TOPICAL TERM
Topical term or geographic name as entry element Literatura infantil dominicana
700 1# - ADDED ENTRY--PERSONAL NAME
Personal name Sforza, Lucia,
Relator term ilustraciones
910 ## - USER-OPTION DATA (OCLC)
User-option data VMateo V. Control de calidad. BPMSU
942 ## - ADDED ENTRY ELEMENTS (KOHA)
Source of classification or shelving scheme Dewey Decimal Classification
Koha item type Libros
Existencias
Withdrawn status Lost status Source of classification or shelving scheme Damaged status Not for loan Collection code Home library Current library Date acquired Total Checkouts Full call number Barcode Date last seen Price effective from Koha item type Copy number
    Dewey Decimal Classification     Colección Infantil Dominicana Biblioteca Pública Metropolitana Salomé Ureña Biblioteca Pública Metropolitana Salomé Ureña 08/14/2023   BPMSU CDI RD863.5 R282ll 2019 BPMSU23080015 08/14/2023 08/14/2023 Libros  
    Dewey Decimal Classification     Colección Infantil Dominicana Biblioteca Pública Metropolitana Salomé Ureña Biblioteca Pública Metropolitana Salomé Ureña 08/14/2023   BPMSU CDI RD863.5 R282ll 2019 BPMSU23080016 08/14/2023 08/14/2023 Libros e.2